| 000 | 00644cam a2200193 a 4500 | ||
|---|---|---|---|
| 001 | 000002863 | ||
| 005 | 20200929150255.0 | ||
| 008 | 730618s1966 ag b 001 0 spa | ||
| 040 |
_aDO-SdBNP _bspa _cBNPHU |
||
| 041 | 1 | 7 |
_aspa _heng |
| 082 |
_axx _bxx |
||
| 100 | 1 |
_aBermejo Hurtado, Haydee _99089 |
|
| 245 | 1 | 0 |
_aDanza general de la muerte / _cHaydee Bermejo Hurtado y Dinko Cvitanovic. |
| 260 |
_aBahia Blanca : _bPanzini Hnos. S.A.I.C., _c1966. |
||
| 300 |
_axxv, 58 p. ; _c21 cm. |
||
| 490 | 1 |
_aCuadernos del Sur, _aTextos comentados ; _vno. 2 |
|
| 504 | _aIncluye referencias bibliográficas : p. 45-50. | ||
| 700 | 1 |
_aCvitanovic, Dinko _99090 |
|
| 999 |
_c2697 _d2697 |
||